000 01362nam0a2200325 4500
001 RU\NLR\BIBL_A\011146816
005 20250625210935.0
010 _a978-5-906823-99-1
035 _a(NLR Aleph) 011146816
090 _a11649262
_c11649262
100 _a20160606d2016 |||y0rusy50 ca
101 0 _arus
102 _aRU
105 _ay z 001yy
200 1 _aСоветская дипломатия и Западный Берлин (1965-1969 гг.)
_fР. В. Долгилевич
210 _aСанкт-Петербург
_cАлетейя
_d2016
215 _a289, [1] с.
_d22
300 _aНа 4-й с. обл. авт.: Долгилевич Р. В., проф., к. ист. н.
320 _aБиблиогр. в подстроч. примеч.
320 _aДр. произведения авт. на 4-й с. обл.
333 _a16+
606 1 _aБерлинский вопрос
_91137279
_3RU\NLR\AUTH\66133605
607 _aСССР
_xВнешняя политика
_yБерлин Западный
_z1960-ые гг.
_92205305
_3RU\NLR\AUTH\6601559489
686 1 _aТ3(2)73-64(4Зап)
686 1 _aТ3(0)63-611.51
700 1 _aДолгилевич
_bР.В.
_gРостислав Владимирович
942 _cBOOK
980 _aNB